| 000 | 00986nam a22002777a 4500 | ||
|---|---|---|---|
| 005 | 20090505110443.0 | ||
| 008 | 090505t xxu||||| |||| 00| 0 eng d | ||
| 010 | _aENG-93426 | ||
| 020 |
_a8188683469 _c400.00 |
||
| 020 |
_a9788188683468 _c400.00 |
||
| 035 | _aEN-76959 | ||
| 037 | _bDBAD / PUB | ||
| 040 |
_adpl _bEnglish |
||
| 082 | _a363.34 | ||
| 100 | _aRoy, Soumitra | ||
| 245 |
_aNatural disaster management: _cby Soumitra Roy _ba case study of Tornado / |
||
| 260 |
_aDelhi _bAbhijeet Publications _c2004 |
||
| 270 |
_a2/46 Tukhmeerpur Extension _bDelhi _e110094 |
||
| 300 |
_avi, 157p. _c22cm (Hb) |
||
| 500 | _aIncludes index | ||
| 650 | _aNatural disasters. | ||
| 650 | _aEmergency management. | ||
| 650 | _aDisaster relief. | ||
| 942 |
_2ddc _cEN _mROY _h363.34 |
||
| 999 |
_c26073 _d26073 |
||